00367nam a2200157Ia 4500008004100000020001400041050000900055050001600064100001900080245003400099245001800133260001200151260002100163260000900184300001600193170203s9999 xx 000 0 und d a590426702 aFic  b.M379b 1990 aMartin, Ann M. aBaby Sitters: Little Sister / cAnn M. Martin aU.S.A : bScholastic Inc., c1990 a102 pages ;